Refinación de aceites y grasas comestibles
Guardat en:
| Autors principals: | , |
|---|---|
| Format: | Llibre |
| Idioma: | espanyol |
| Publicat: |
Ciudad de México
Continental
1965
|
| Matèries: | |
| Etiquetes: |
Afegir etiqueta
Sense etiquetes, Sigues el primer a etiquetar aquest registre!
|
MARC
| LEADER | 00000nam a2200000 a 4500 | ||
|---|---|---|---|
| 001 | UCR6324 | ||
| 003 | CL-VaPUC | ||
| 008 | 980423e19650000MX |||||||||||||||||spa|d | ||
| 082 | 0 | 4 | |a 664.3 |b AND |2 21 |
| 100 | 0 | |a Andersen, A. J |e author |9 407473 | |
| 700 | 0 | |a Williams, P. N |e author |9 407474 | |
| 245 | 1 | 0 | |a Refinación de aceites y grasas comestibles |
| 300 | |a 335 p | ||
| 942 | |c BK | ||
| 945 | |d 19980423 00:00:00 |a crobeson | ||
| 260 | |a Ciudad de México |b Continental |c 1965 | ||
| 650 | 7 | |a TECNOLOGIA DE ALIMENTOS |2 CL-VaPUC |9 407475 | |
| 650 | 0 | |a Alimentos |9 256203 | |
| 650 | 0 | |a Aceites comestibles |9 364853 | |
| 650 | 7 | |a GRASAS COMESTIBLES |2 CL-VaPUC |9 348371 | |
| 583 | |a last modification |c 19980423 00:00:00 |k Rodrigo Vera | ||
| 999 | |c 268529 |d 268527 | ||
| 952 | |0 0 |1 0 |4 0 |6 664_300000000000000_AND_1965 |7 0 |8 A |9 301715 |a BIBALI |b BIBALI |c GEN |d 2019-11-20 |i 1991108 |o 664.3 AND 1965 |p 1991108 |r 2025-01-20 |w 2019-11-20 |y BK |k ALI | ||